| 000 | 00882nam a22002417a 4500 | ||
|---|---|---|---|
| 999 |
_c20388 _d20388 |
||
| 003 | AR-CdUCM | ||
| 008 | 190529b ||||| |||| 00| 0 spa d | ||
| 040 |
_aMUNICIPALIDAD PROVINCIAL DEL CUSCO _cBIBLIOTECA MUNICIPAL DEL CUSCO |
||
| 041 | _heng | ||
| 082 |
_a658 / _bP45 |
||
| 100 |
_aPerlick, Walter W. _942641 |
||
| 245 | _aIntroducción a la dirección de empresas / | ||
| 260 |
_aBuenos Aires : _bEl Ateneo, _c1973. |
||
| 300 |
_a135 páginas, _c27 cm. |
||
| 440 |
_aColección de textos de enseñanza _942642 |
||
| 505 | _aContenido: Como se utiliza ese libro -- Fundamentos económicos de la empresa -- La estructura legal de la empresa estadounidense... | ||
| 650 |
_aComercialización _910604 |
||
| 650 |
_aContabilidad _910543 |
||
| 650 |
_aDerecho comercial _95195 |
||
| 700 |
_aMirlas, León (traductor) _942643 |
||
| 942 |
_2ddc _cLIBROS |
||
| 945 | _aJavier | ||